000 00588nam a2200193 i 4500
001 bgj
245 1 0 _aJahrbuch für Internationale Germanistik.
_nJahrgang 4 ; Heft 2 /
_chrsg. von Leonard Forster [et al.] ; Geschäftsführender Herausgegeber Hans-Gert Roloff.
260 _aFrankfurt (M) :
_bAthenäum Verlag,
_c1972.
300 _a184 s. ;
_c23 cm.
650 9 _aJęzykoznawstwo
700 1 _aFORSTER, Leonard.
700 1 _aROLLOF, Hans-Gert.
040 _cBPK
041 0 _ager
044 _aDEU
080 _a81'1
942 _cKS
008 s gw f |000 0 ger
999 _c50395
_d50395